Histoire du drapeau du Qatar - Statistiques

Statistiques générales
  • Ce quiz a été pris 8 fois
  • Le résultat moyen est 8 sur 15
Statistiques - réponses
Hint Réponse % Correct
Deuxième drapeau de l'empire Ottoman (1517-1766)
100%
Qatar (drapeau actuel depuis 1939)
88%
Premier drapeau de l'empire Ottoman (1516-1517)
75%
Troisième drapeau du Qatar (1936-1939)
75%
Califat Omeyyades (651-750)
63%
Empire Achéménides (-559 - -330)
63%
Califat Rachidun (641-651) et califat Abbasside (750-1256)
63%
Ilkhanat de Perse (1256-1335)
50%
Émirat du Nedj (1860-1891)
50%
Empire Séleucides (-305 - -64)
50%
Empire Parthe (-64 - 224)
38%
Émirat Jabrides (1335-1516) et émirat de Bani Khalid (1766-1860)
38%
Empire Sassanides (224-641)
38%
Premier drapeau du Qatar (1916-1932)
0%
Deuxième drapeau du Qatar (1932-1936)
0%
Aucun quiz correspondant
Distribution des résultats
% des personnes avec chaque résultat
Percentile par nombre de réponses
Votre historique - résultats
Vous n’avez pas pris ce quiz